[Event "Dortmund Sparkassen op-C 47th"]
[Site "Dortmund"]
[Date "2019.07.14"]
[Round "2"]
[White "Manoj, Medha"]
[Black "Homfeldt, Bianca"]
[Result "1-0"]
[WhiteElo "1042"]
[BlackElo "737"]
[PlyCount "51"]
[EventDate "2019.07.13"]
[EventType "swiss"]
[EventRounds "9"]
[EventCountry "GER"]
[SourceTitle "CBM 192 Extra"]
[Source "Chessbase"]
[SourceDate "2019.11.06"]
[SourceVersion "1"]
[SourceVersionDate "2019.11.06"]
[SourceQuality "1"]

1. e4 e5 2. Nf3 Nf6 3. Nxe5 d6 4. Nf3 Bg4 5. Nc3 Be7 6. Bc4 0-0 7. d3 c6 8. 0-0 Nbd7 9. Bg5 h6 10. Bf4 Bxf3 11. Qxf3 d5 12. exd5 Nb6 13. Bb3 Bc5 14. Qg3 cxd5 15. Bxh6 Nh5 16. Qg4 Qd7 17. Qxh5 gxh6 18. Qxh6 Rfe8 19. Qg5+ Kf8 20. Qh6+ Ke7 21. Rae1+ Kd8 22. Qh4+ Be7 23. Qd4 Qc6 24. Nxd5 Bc5 25. Qh4+ Kd7 26. Nf6+ 1-0